LIBRARY & INFORMATION CENTRE, KCAET, TAVANUR

ONLINE PUBLIC ACCESS CATALOGUE (OPAC)

Olangal santhamakunnu / (Record no. 5209)

MARC details
000 -LEADER
fixed length control field 00419cam a2200169ua 4500
041 ## - LANGUAGE CODE
Language code of text/sound track or separate title mal
082 ## - DEWEY DECIMAL CLASSIFICATION NUMBER
Classification number 894.8122
Item number ARA/OL
100 ## - MAIN ENTRY--AUTHOR NAME
Personal name Aravindhaksha menon, C .
245 ## - TITLE STATEMENT
Title Olangal santhamakunnu /
260 ## - PUBLICATION, DISTRIBUTION, ETC. (IMPRINT)
Place of publication Calicut :
Name of publisher K R Brothers ,
Year of publication 1964.
300 ## - PHYSICAL DESCRIPTION
Number of Pages 82 ; .
942 ## - ADDED ENTRY ELEMENTS (KOHA)
Koha item type Books
Holdings
Withdrawn status Lost status Damaged status Home library Current library Date acquired Full call number Accession Number Koha item type Public note
Withdrawn     KAUAET KAUAET 07/04/2012 894.8122 9553 Books Deleted
free website counter